000 00517nam a2200181Ia 4500
003 GCL
008 140319s9999 xx 000 0 ara d
040 _aGCL /
_cGCL
082 0 4 _a810.8
_bم م
100 1 _aمصطفى محمود
245 1 0 _aمن اسرار القران /
_cمصطفى محمود
260 _aالقاهرة :
_bدار المعارف ،
_c1992
300 _a92 ص ؛
_c20 سم
490 _a
650 0 4 _aالقران والعلم
650 0 4 _aالقران - اعجاز
942 _2ddc
_cBK
999 _c55428
_d55428